| 000 | 00645nam a22002057a 4500 | ||
|---|---|---|---|
| 999 |
_c20080 _d20080 |
||
| 003 | AR-CdUCM | ||
| 008 | 190525b ||||| |||| 00| 0 spa d | ||
| 040 |
_aMUNICIPALIDAD PROVINCIAL DEL CUSCO _cBIBLIOTECA MUNICIPAL DEL CUSCO |
||
| 082 |
_a869.56 / _bC518 |
||
| 100 |
_aChang Rodríguez, Enrique _942008 |
||
| 245 | _aLa palabra perdida / | ||
| 260 |
_aLima : _bArgos, _c1980. |
||
| 300 |
_a47 páginas _c22 cm. |
||
| 505 | _aContenido: Tu palabra -- Invocación --Mi espera... | ||
| 650 |
_aPoesías peruanas _91481 |
||
| 650 |
_aSiglo XX. _98 |
||
| 700 |
_a Bacacorzo, Jorge (prologo) _942009 |
||
| 942 |
_2ddc _cLIBROS |
||
| 945 | _aJavier | ||